000 00460nam a2200145Ia 4500
008 230917s9999||||xx |||||||||||||| ||und||
040 _e166961
_aMAIN
041 _aEnglish
082 _a891.432741 SS98J
100 _aसक्सेना सुरेन्द्रनाथ
245 0 _aजलती राहे
260 _aदिल्ली
_bहिन्दी साहित्य संसार
_c1983
300 _a100 पृ. p.
942 _cHN
999 _c41287
_d41287